01013nas a2200253Ia 4500001001100000003000900011008004100020040001300061040001300074041001300087100004700100210003700147222003700184245008700221250001100308260002600319501008600345300001700431362002700448650004300475942000700518999001900525952021500544R111/44664IT-RoPAU151124c99999999xx |||||||||||| ||und|| aIT-RoPAU cIT-RoPAU aITALIANO aPirella EmanuelegCodice Aut. SPICS: 2528 aCOMUNICAZIONE DI MASSA (SUGARCO) aComunicazione Di Massa (Sugarco) aCOMUNICAZIONE DI MASSA (SUGARCO), ANNO 02-VOL.2 (1981)bMestiere Del Creativo (Il) a1a ed. aMILANObSUGARCOc1981 bPaulus - SPICS - Società San Paolo EM (non-commercial uses only)cCopyright2015 a4 p. [75-78] aANNO 002, VOL.2 (1981) aCOMUNICAZIONEvPUBBLICAZIONE PERIODICA cCR c112807d112807 0010406R_111_44664000000000071aSPICSbSPICSd2015-11-25l0oR111/44664r2015-11-25 00:00:00w2015-11-25yCRzProgr. Ins: 46454 / Copia rara: NO / date import: 25.11.2015 / By Epidotti, Trombetti, Vaglietti